MARC

LEADER 00000nam0a2200000 4500
001 260064
005 20231101233438.0
010 |a 5282003228 
035 |a (RuTPU)RU\TPU\book\283010 
090 |a 260064 
100 |a 20140513d1988 k y0rusy50 ca 
101 0 |a rus 
102 |a RU 
105 |a y z 001zy 
200 1 |a Стиль руководства и хозяйственная перестройка  |f М. Г. Карпунин 
210 |a Москва  |c Экономика  |d 1988 
215 |a 80 с. 
320 |a Библиогр.: с. 80. 
606 1 |a Хозяйственные организации  |x Управление  |2 stltpush  |3 (RuTPU)RU\TPU\subj\17451  |9 43088 
606 1 |a Управленческий труд  |x Организация  |2 stltpush  |3 (RuTPU)RU\TPU\subj\37176 
610 1 |a руководители 
610 1 |a стили руководства 
610 1 |a управление 
610 1 |a перестройка 
610 1 |a самостоятельность 
610 1 |a резервы 
675 |a 651.01  |v 3 
686 |a У9(2)212  |v LBC/SL-A  |2 rubbk 
700 1 |a Карпунин  |b М. Г.  |g Михаил Григорьевич 
801 1 |a RU  |b 63413507  |c 20140513 
801 2 |a RU  |b 63413507  |c 20160412  |g RCR 
942 |c BK